| 000 | 00969nam1a22002291i 4500 | ||
|---|---|---|---|
| 001 | rc\2937266 | ||
| 005 | 20240723214544.0 | ||
| 035 | _a(NLR Aleph) 007086311 | ||
| 090 |
_a6528238 _c6528238 |
||
| 100 | _a20110823d1933 |||y0rusy50 ca | ||
| 101 | 0 | _arus | |
| 102 | _aRU | ||
| 105 | _ay z ||||| | ||
| 200 | 1 |
_aМатериалы Первой конференции по изучению производительных сил Таджикской ССР _eВып. I- _fАкад. наук СССР. Совет по изучению производительных сил |
|
| 210 |
_aЛенинград _cАкад. наук СССР _d1933 |
||
| 215 | _d19 см | ||
| 333 | _aНа правах рукописи | ||
| 710 | 1 | 2 |
_aКонференция по изучению производительных сил Таджикской ССР _d1 _eЛенинград _f1933 |
| 801 | 0 |
_aRU _bNLR _gpsbo |
|
| 801 | 1 |
_aRU _bELAR _2rusmarc |
|
| 852 |
_aNLR _j33-16/159 |
||
| 942 | _cBOOK | ||